Statistiques concernant Les conflits post 2nd Guerre mondiale

Cliquez ici pour prendre le quiz!

Statistiques générales

  • Ce quiz a été pris 109 fois
  • Le résultat moyen est 6 sur 10

Statistiques - réponses

QuestionsRéponses% Correct
Crise nucléaire et conflit symbole de la guerre froide, autour d'un pays insulaire dirigé par Fidel CastroCuba
86%
Guerre asiatique devenant le théâtre d'opération du conflit américano-soviétique durant la guerre froideGuerre de Corée
81%
Pays envahit 2 fois en 13 ans par les Etats-Unis, dont une fois sans mandat de l'ONUIrak
81%
Ex pays yougoslave, en guerre de 1998 à 1999; qui prend son indépendance en 2008Kosovo
80%
Pays hôte d'un génocide orchestré par les Hutus en 1994Rwanda
80%
Conflit "bourbier" dans lequel l'URSS s'enlise entre 1979 et 1989, laissant place par la suite à une situation de guerre civile
Guerre d'Afghanistan
71%
Sa nationalisation par Nasser entraîne un débarquement catastrophique des troupes françaises, britanniques et israéliennes en EgypteCanal de Suez
69%
Accords créant des territoires autonomes sous autorité palestinienne, signés entre Israël et l'OLP de Yasser Arafat en 1993
Oslo
41%
Nom de l'opération menée par la coalition américaine lors de la première guerre du golfe en 1991Tempête du désert
31%
Région où a lieu un massacre de bosniaques, commis par l'armée serbe, durant la guerre de Bosnie-Herzégovine en 1995Srebrenica
17%

Distribution des résultats

Percentile par nombre de réponses

% des personnes avec chaque résultat

Votre développement - résultats

Vous n’avez pas pris ce quiz